000 00545nam a22002057a 4500
003 OSt
005 20140310181954.0
008 121122t xxu||||| |||| 00| 0 eng d
020 _a0553159267
050 _aPZ 7
_b.St849 1992
082 _aKF
_bSt4sv #30
100 _a Mia Stewart, Molly
_94528
245 _aJessica's Unburied Treasure /
_cMolly Mia Stewart.
260 _aNew York :
_bBantam Books,
_cc1992.
300 _a72 p. :
_bill. ;
_c19 cm.
541 _j1
562 _e1
650 _aFiction.
_9746
942 _2lcc
_cBK-KF
_kKF
999 _c7905
_d7905